书目信息 |
| 题名: |
列子集释
|
|
| 作者: | 杨伯峻 | |
| 分册: | ||
| 出版信息: | 北京 中华书局 1979 |
|
| 页数: | 350页 | |
| 开本: | 20cm | |
| 丛书名: | ||
| 单 册: | ||
| 中图分类: | B232.2 | |
| 科图分类: | ||
| 主题词: | 哲学--中国--秦汉时代 | |
| 电子资源: | ||
| ISBN: | ||
| 000 | 00474nam0 2200181 450 | |
| 001 | 0728815141 | |
| 005 | 20070819080015.14 | |
| 010 | @d¥1.30 | |
| 100 | @a20070819d km y0chiy0120 ea | |
| 101 | 0 | @achi |
| 200 | 1 | @a列子集释@Alie zi ji shi@f杨伯峻@Fyang bo jun |
| 210 | @a北京@c中华书局@d1979 | |
| 215 | @a350页@d20cm | |
| 606 | 0 | @a哲学@x中国@x秦汉时代 |
| 690 | @aB232.2@v3 | |
| 701 | 0 | @a杨伯峻@Ayang bo jun |
| 801 | 0 | @aCN@bPFT@c20070819 |
| 905 | @a213230@dB232.2@eZW16@f1 | |
| 列子集释/杨伯峻.-北京:中华书局,1979 |
| 350页;20cm |
| ISBN :¥1.30 |
| ● |
| 相关链接 |
|
|
|
|
正题名:列子集释
索取号:B232.2/ZW16
 
预约/预借
| 序号 | 登录号 | 条形码 | 馆藏地/架位号 | 状态 | 备注 |
| 1 | 7600065 | 276000658 | 密集书库-文学院/ [索取号:B232.2/ZW16] | 在馆 |